Colonización antiqueña y vida cotidiana: construcción de la región caldense / (Registro nro. 20374)
[ vista simple ]
| 000 -CABECERA | |
|---|---|
| Campo de control | 00927nam a2200241 a 4500 |
| 005 - FECHA Y HORA DE LA ULTIMA TRANSACCION | |
| Campo de control | 20181212091435.0 |
| 008 - ELEMENTOS DE LONGITUD FIJA—INFORMACION GENERAL | |
| Campo de control | 181212s2018 ck ||||r|||| 00| e spa d |
| 020 ## - ISBN | |
| ISBN | 9789587591507 |
| 040 ## - FUENTE DE CATALOGACIÓN | |
| Agencia catalogadora original | CO-BoIAVH |
| Agencia transcriptora | CO-BoIAVH |
| 041 0# - IDIOMA | |
| Código de idioma para texto/pista de sonido o título separado | Español |
| 044 ## - PAÍS DE PUBLICACIÓN | |
| País de publicación | Colombia |
| 082 04 - NUMERO DE CLASIFICACION DECIMAL DEWEY | |
| Número de clasificación | 325.3861 |
| Número del ítem | V15c |
| 100 1# - ASIENTO PRINCIPAL--NOMBRE PERSONAL | |
| 9 (RLIN) | 101435 |
| Nombre personal | Valencia Llano, Albeiro |
| Término relacionado | autor |
| 245 00 - MENCION DE TITULO | |
| Título | Colonización antiqueña y vida cotidiana: construcción de la región caldense / |
| Parte restante del título | Albeiro Valencia Llano |
| 250 ## - MENCION DE EDICION | |
| Mención de edición | Edición ampliada |
| 260 ## - PUBLICACION, DISTRIBUCION, ETC. (PIE DE IMPRENTA) | |
| Lugar de publicación, distribución, etc. | Manizales (Colombia) : |
| Nombre del editor, distribuidor, etc. | Universidad de Caldas : |
| -- | Banco de la República, |
| Fecha de publicación, distribución, etc. | 2018. |
| 300 ## - DESCRIPCION FISICA | |
| Extensión | 450 páginas ; |
| Dimensiones | 21 x 14 cm. |
| 500 ## - NOTA GENERAL | |
| Nota general | Incluye glodsario de términos. |
| 650 26 - ASIENTO SECUNDARIO DE MATERIA - TERMINO TEMATICO | |
| 9 (RLIN) | 5496 |
| Término temático o nombre geográfico como elemento de entrada | Cambio social |
| Subdivisión geográfica | Antioquia (Departamento, Colombia) |
| 650 26 - ASIENTO SECUNDARIO DE MATERIA - TERMINO TEMATICO | |
| 9 (RLIN) | 16300 |
| Término temático o nombre geográfico como elemento de entrada | Desarrollo regional |
| Subdivisión geográfica | Antioquia (Departamento, Colombia) |
| 651 26 - ASIENTO SECUNDARIO DE MATERIA - NOMBRE GEOGRAFICO | |
| 9 (RLIN) | 101434 |
| Nombre geográfico | Antioquia (Colombia) |
| Subdivisión general | Colonización |
| -- | Historia |
| 942 ## - ELEMENTOS ADICIONALES (KOHA) | |
| Sistema de clasificación | Dewey Decimal Classification |
| Tipo de ítem | Libro |
| Withdrawn status | Lost status | Sistema de Clasificación | Damaged status | No para préstamo | Colección | Inventariado | Ubicación Permanente | Ubicación actual | Fecha de adquisición | Total Checkouts | Número topográfico | Inventario / Código de Barras | Date last seen | Ejemplar | Price effective from | Forma de adquisición | Tipo de material |
|---|---|---|---|---|---|---|---|---|---|---|---|---|---|---|---|---|---|
| Dewey Decimal Classification | General | Inventariado 2018 | Bogotá | Bogotá | 12/12/2018 | LB-325.3861 V15c | 030382 | 12/12/2018 | Ej. 1 | 12/12/2018 | Canje | Libro |